Plight of honesty : (Record no. 28552)

MARC details
000 -LEADER
fixed length control field 00993nam a22002654a 4500
005 - DATE AND TIME OF LATEST TRANSACTION
control field 20090722155035.0
008 - FIXED-LENGTH DATA ELEMENTS--GENERAL INFORMATION
fixed length control field 081003s2008 ii 001 0aeng
010 ## - LCCN (DPL NO)
LC control number ENG-94505
020 ## - INTERNATIONAL STANDARD BOOK NUMBER
International Standard Book Number 9788170493273
Terms of availability 495.00
035 ## - SYSTEM CONTROL NUMBER
System control number EN-78038
037 ## - SOURCE OF ACQUISITION
Source of stock number/acquisition DBAD / PUB
040 ## - CATALOGING SOURCE
Original cataloging agency dpl
Language of cataloging English
082 ## - DEWEY DECIMAL CLASSIFICATION NUMBER
Classification number 352.63092
100 ## - MAIN ENTRY--PERSONAL NAME
Personal name Sundaram, G.
245 ## - TITLE STATEMENT
Title Plight of honesty :
Remainder of title the untold bureaucracy /
Statement of responsibility, etc by G. Sundaram
260 ## - PUBLICATION, DISTRIBUTION, ETC. (IMPRINT)
Place of publication, distribution, etc New Delhi
Name of publisher, distributor, etc Manas Publications
Date of publication, distribution, etc 2008
270 ## - ADDRESS
Address 4402/5A, Main Ansari Road, (Opp HDFC Bank) Daryaganj,
City New Delhi
Postal code 110002
300 ## - PHYSICAL DESCRIPTION
Extent 418 p. ;
Dimensions 23cm(Hb)
500 ## - GENERAL NOTE
General note Includes index.
600 ## - SUBJECT ADDED ENTRY--PERSONAL NAME
Personal name Sundaram, G.,
Dates associated with a name 1938-
650 ## - SUBJECT ADDED ENTRY--TOPICAL TERM
Topical term or geographic name as entry element Civil service
Geographic subdivision India
Form subdivision Biography.
942 ## - ADDED ENTRY ELEMENTS (KOHA)
Source of classification or shelving scheme Dewey Decimal Classification
Item type English Books
Call number suffix SUN
Classification part 352.63092
Holdings
Withdrawn status Lost status Source of classification or shelving scheme Damaged status Not for loan Collection code Home library Current library Date acquired Source of acquisition Cost, normal purchase price Total Checkouts Full call number Barcode Date last seen Copy number Cost, replacement price Koha item type
    Dewey Decimal Classification   Not For Loan Non-fiction D.B.Act.Division D.B.Act.Division 22/07/2009 DBAD / PUB 495.00   352.63092 SUN EN-78038 22/07/2009 1 495.00 English Books

© Delhi Public Library
Hit Counter
free hit counter